<?xml version="1.0" encoding="UTF-8"?><?xml-stylesheet type="text/xsl" href="static/style.xsl"?><OAI-PMH xmlns="http://www.openarchives.org/OAI/2.0/" xmlns:xsi="http://www.w3.org/2001/XMLSchema-instance" xsi:schemaLocation="http://www.openarchives.org/OAI/2.0/ http://www.openarchives.org/OAI/2.0/OAI-PMH.xsd"><responseDate>2026-04-18T01:11:03Z</responseDate><request verb="GetRecord" identifier="oai:www.recercat.cat:20.500.12694/7024" metadataPrefix="marc">https://recercat.cat/oai/request</request><GetRecord><record><header><identifier>oai:recercat.cat:20.500.12694/7024</identifier><datestamp>2025-12-18T12:09:43Z</datestamp><setSpec>com_2072_179042</setSpec><setSpec>col_2072_484474</setSpec></header><metadata><record xmlns="http://www.loc.gov/MARC21/slim" xmlns:dcterms="http://purl.org/dc/terms/" xmlns:xsi="http://www.w3.org/2001/XMLSchema-instance" xmlns:doc="http://www.lyncode.com/xoai" xsi:schemaLocation="http://www.loc.gov/MARC21/slim http://www.loc.gov/standards/marcxml/schema/MARC21slim.xsd">
   <leader>00925njm 22002777a 4500</leader>
   <datafield ind2=" " ind1=" " tag="042">
      <subfield code="a">dc</subfield>
   </datafield>
   <datafield ind2=" " ind1=" " tag="720">
      <subfield code="a">Baró Cuscó, Loida</subfield>
      <subfield code="e">author</subfield>
   </datafield>
   <datafield ind2=" " ind1=" " tag="260">
      <subfield code="c">2022-06</subfield>
   </datafield>
   <datafield ind2=" " ind1=" " tag="520">
      <subfield code="a">És comú trobar tota mena de partitures, àudios i vídeos relacionats amb el cant coral, arranjaments vocals, siguin aquests de modern (sic), jazz o clàssic. Així i tot, no hi ha massa informació sobre com abordar un arranjament vocal i menys encara en el marc de jazz i música moderna. D’aquesta manera, aquest treball pretén posar llum als dubtes existents i proporcionar al lector les eines necessàries per crear un bon arranjament vocal de jazz. A través d’anàlisis d’arranjaments de New York Voices, Manhattan Transfer, Singers Unlimited, etc., m’endinsaré al món vocal per tal d’aprendre dels “grans” i així adquirir més coneixement a l’hora de fer les meves pròpies creacions a cappella, que posaré en pràctica en el meu recital final.</subfield>
   </datafield>
   <datafield ind2=" " ind1=" " tag="520">
      <subfield code="a">Es común encontrar todo tipo de partituras, audios y vídeos relacionados con el canto coral, arreglos vocales, sean estos de moderno, jazz o clásicos. Aun así, no hay demasiada información sobre cómo abordar un arreglo vocal y menos aún en el marco del jazz y la música moderna. De este modo, este trabajo pretende dar luz a las dudas existentes y proporcionar al lector las herramientas necesarias para crear un buen arreglo vocal de jazz. A través de análisis de arreglos de New York Voices, Manhattan Transfer, Singers Unlimited, etc., me adentraré en el mundo vocal para aprender de los “grandes” y así adquirir más conocimiento con objeto de hacer mis propias creaciones a cappella, que pondré en práctica en mi recital final.</subfield>
   </datafield>
   <datafield ind2=" " ind1=" " tag="520">
      <subfield code="a">It is common to find all kinds of scores, audio recordings, and videos related to choral singing and vocal arrangements, whether these are modern, jazz, or classical. Even so, there is not much information on how to approach a vocal arrangement, and even less within the framework of jazz and modern music. In this way, this work aims to shed light on existing doubts and provide the reader with the necessary tools to create a good jazz vocal arrangement. Through analysis of arrangements by New York Voices, Manhattan Transfer, Singers Unlimited, etc., I will explore the vocal world to learn from the "masters" and acquire more tools to create my own a cappella works, which I will put into practice at my graduate recital.</subfield>
   </datafield>
   <datafield ind1="8" ind2=" " tag="024">
      <subfield code="a">http://hdl.handle.net/20.500.12694/7024</subfield>
   </datafield>
   <datafield tag="653" ind2=" " ind1=" ">
      <subfield code="a">TFG Jazz i música moderna</subfield>
   </datafield>
   <datafield tag="653" ind2=" " ind1=" ">
      <subfield code="a">Jazz (Cants)--Arranjaments instrumentals</subfield>
   </datafield>
   <datafield tag="653" ind2=" " ind1=" ">
      <subfield code="a">New York Voices (Grup musical)--Anàlisi i apreciació</subfield>
   </datafield>
   <datafield tag="653" ind2=" " ind1=" ">
      <subfield code="a">Manhattan Transfer (Grup musical)--Anàlisi i apreciació</subfield>
   </datafield>
   <datafield tag="653" ind2=" " ind1=" ">
      <subfield code="a">Singers Unlimited--Anàlisi i apreciació</subfield>
   </datafield>
   <datafield ind2="0" ind1="0" tag="245">
      <subfield code="a">Arranjament vocal de Jazz</subfield>
   </datafield>
</record></metadata></record></GetRecord></OAI-PMH>